000 01184nam a2200205Ia 4500
003 OSt
005 20241028100717.0
007 ca aa aaaaa
008 201103s9999 xx 000 0 und d
040 _cSSBUL
041 _abur
082 _223
_a၂၉၄.၃၄၃၅၀၉ ဟင်
_b၉၃၅၉ S-SAT
245 0 0 _aဟင်္သာတမြို့ မဟာအတုလသကျရံသီ ဆယ်ထပ်ကြီးရုပ်ရှင်တော်မြတ် ကျောက်စာတော်နှင့်ပိဋကတ် ကျောက်စာတိုက်သမိုင်းသိမှတ်ဖွယ်ရာအဖြာဖြာ ။
260 _aရန်ကုန် ၊
_bဆန်းညွှန့်ဦးစာအုပ်တိုက်၊
_c[ခုနှစ်မပါ]။
300 _a၆၈ စာမျက်နှာ ၊
_c၁၈ စင်တီ။
500 _aS-SAT: Dr. Sai Aung Tun
650 _aစေတီပုထိုး
_vသမိုင်း
_955057
650 _aပိဋကတ်ကျောက်စာတိုက်
_vသမိုင်း
_955077
942 _2ddc
_cBK1
999 _c16844
_d16844